000 01025nam a22003737a 4500
001 BR0701494
003 BR-BrBNA
005 20230928102349.0
007 ta
008 230509b bl.||||| |||| 00| 0 por d
040 _aBR-BrBNA
_bpor
_cBiblioteca Nacional de Agricultura
041 _a(Por)
072 _aF04; F06; H20
_b1112
090 _ 1112 BR0701494
100 1 _aBorges, A.L.(ed.)
100 1 _aSouza, L. da S.(ed.)
110 1 _aEMBRAPA Mandioca e Fruticultura, Cruz das Almas, BA (Brasil)
245 1 _aO cultivo da bananeira
260 3 _aCruz das Almas, BA (Brasil):
_c2004.
300 _a279 p.
500 _aBibliography p. 263-279; 73 illus.; 41 tables
650 _aBANANA
650 _aPRÁTICA CULTURAL
650 _aADUBAÇÃO
650 _aCOLHEITA
650 _aIRRIGAÇÃO
650 _aDOENÇA DE PLANTA
650 _aPRAGA DE PLANTA
650 _aCOMERCIALIZAÇÃO
650 _aCUSTO
650 _aRENTABILIDADE
909 _a202309
_bLucia
_c55
_dLucia Elande
942 _cBK
999 _c70395
_d70395